书目信息 |
| 题名: |
农村小型水电站
|
|
| 作者: | ;广东省水利电力局 编 | |
| 分册: | ||
| 出版信息: | 广州 广东人民出版社 1973 |
|
| 页数: | 362页 | |
| 开本: | 19cm | |
| 丛书名: | ||
| 单 册: | ||
| 中图分类: | TV742 | |
| 科图分类: | ||
| 主题词: | 水力发电站--各种--设备 , 水力发电站--各种--建筑 | |
| 电子资源: | ||
| ISBN: | ||
| 000 | 00764nam0 2200253 45 | |
| 001 | 0177002567 | |
| 005 | 20060509103407.32 | |
| 010 | @dCNY0.80 | |
| 091 | @a15111.61 | |
| 100 | @a19951018d1973 em y0chiy0121 ea | |
| 101 | 0 | @achi |
| 102 | @aCN@b450000 | |
| 102 | @aCN@b440000 | |
| 105 | @ay z 000yy | |
| 200 | 10 | @a农村小型水电站@Anong cun xiao xing shui dian zhan@f广东省水利电力局编@Fguang dong sheng shui li dian li ju bian |
| 210 | @a广州@c广东人民出版社@d1973 | |
| 215 | @a362页@d19cm | |
| 606 | 0 | @a水力发电站@x各种@x设备 |
| 606 | 0 | @a水力发电站@x各种@x建筑 |
| 690 | @aTV742 | |
| 711 | 0 | @a广东省水利电力局@Aguang dong sheng shui li dian li ju@4编 |
| 801 | 2 | @aCN@bNLC@c20060509 |
| 801 | 0 | @aCN@b广东省中山图书馆@c20040514 |
| 905 | @dTV742@e2 | |
| 农村小型水电站/广东省水利电力局编.-广州:广东人民出版社,1973 |
| 362页;19cm |
| ISBN :CNY0.80 |
| ● |
| 相关链接 |
|
|
|
|
正题名:农村小型水电站
索取号:TV742/2
 
预约/预借
| 序号 | 登录号 | 条形码 | 馆藏地/架位号 | 状态 | 备注 |
| 1 | 0010004 | 202334036 | 密集书库/ [索取号:TV742/2] | 在馆 | |
| 2 | 0010005 | 202334027 | 密集书库/ [索取号:TV742/2] | 在馆 |